| 000 | 01862nam a2200325Ia 4500 | ||
|---|---|---|---|
| 999 |
_c6431 _d6431 |
||
| 003 | OSt | ||
| 005 | 20200212163908.0 | ||
| 008 | 130821s2009 cl o fr 0 0 spa | ||
| 020 | _a9789568827021 | ||
| 040 |
_aCo-BoUCM _bspa _cCO-JMCR |
||
| 041 | 1 |
_aspa _heng |
|
| 082 | 0 | 4 |
_a658.4 / _bH646c _220 |
| 100 | 1 |
_aHill, Linda A, _eautora _9167 |
|
| 245 | 1 | 0 |
_aConvirtiéndose en jefe : _bsoluciones prácticas para los desafíos del día a día / _cLinda A. Hill |
| 250 | _a1a. edición | ||
| 260 |
_aSantiago de Chile : _bHarvard Business Press, _c2009 |
||
| 300 |
_ax, 95 páginas : _bfotografías a blanco y negro ; _c18 cm. |
||
| 490 | 0 | _aSerie Pocket Mentor | |
| 500 | _aIncluye datos biográficos de la autora en tapa posterior. | ||
| 500 | _a"Dirija la agenda, arme equipos, influya en la cultura, dé feedback"--Tapa | ||
| 500 | _aTítulo original: Becoming a new manager | ||
| 505 | 0 | _aConvirtiéndose en jefe: lo básico -- Comprender los mitos sobre la gestión -- Comprender las expectativas complejas -- Definir su nuevo papel -- Gestionar equipos -- Gestionar a cada empleado -- Promover la diversidad y la cultura del grupo -- Asumir su nueva identidad -- Fortalecer su inteligencia emocional -- Enfrentar sus nuevos sentimientos -- Cosechar los frutos de ser un jefe -- Consejos y herramientas | |
| 520 | _aUsted recién se ha convertido en jefe de un equipo. ¿Cómo hacer el difícil cambio de colaborador individual a nuevo líder? Esta guía le enseña a: formar equipos eficientes y de alto desempeño, personalizar su estilo de gestión, enfrentar las emociones que surgen al convertirse en jefe. | ||
| 546 | _aTraducido del inglés | ||
| 650 | 1 | 4 |
_aAdministración de empresas _9435 |
| 650 | 1 | 4 |
_aAdministración de personal _98562 |
| 650 | 1 | 4 |
_aLiderazgo _918533 |
| 650 | 1 | 4 |
_aTrabajo en equipo _925591 |
| 942 |
_cBK _2ddc |
||